En propia mano / (Record no. 66194)

MARC details
000 -LEADER
campo de control de longitud fija 00655nam a2200217 i 4500
001 - NÚMERO DE CONTROL
campo de control 66194
003 - IDENTIFICADOR DE NÚMERO DE CONTROL
campo de control ES-MaACL
005 - FECHA Y HORA DE LA ÚLTIMA TRANSACCIÓN
campo de control 20250812094531.0
007 - CAMPO FIJO DE DESCRIPCIÓN FÍSICA--INFORMACIÓN GENERAL
campo de control de longitud fija t|
008 - DATOS DE LONGITUD FIJA--INFORMACIÓN GENERAL
campo de control de longitud fija 040129s1983 sp ||||1| spa d
100 1# - ENTRADA PRINCIPAL--NOMBRE DE PERSONA
Nombre de persona Gala, Antonio,
Fechas asociadas al nombre 1936-2023
9 (RLIN) 226511
245 10 - MENCIÓN DEL TÍTULO
Título En propia mano /
Mención de responsabilidad, etc. Antonio Gala ; prólogo de Juan Cueto.
250 ## - MENCION DE EDICION
Mención de edición 2ª ed.
260 ## - PUBLICACIÓN, DISTRIBUCIÓN, ETC.
Lugar de publicación, distribución, etc. Madrid :
Nombre del editor, distribuidor, etc. Espasa-Calpe,
Fecha de publicación, distribución, etc. 1983.
300 ## - DESCRIPCIÓN FÍSICA
Extensión 433 p. :
Otras características físicas retr. aut. ;
Dimensiones 17 cm.
490 1# - MENCIÓN DE SERIE
Mención de serie Selecciones austral ;
Designación de volumen o secuencia 112
700 1# - ENTRADA AGREGADA--NOMBRE PERSONAL
Nombre de persona Cueto, Juan,
Fechas asociadas al nombre 1881-1937
9 (RLIN) 42076
830 0# - PUNTO DE ACCESO ADICIONAL DE SERIE-TÍTULO UNIFORME
Título uniforme Selecciones austral ;
Designación de volumen o secuencia 112
9 (RLIN) 176520
852 ## - LOCALIZACIÓN
Ubicación ES-MaACL
Número de control de estantería L-4735
Sublocalización o colección R.105439
Holdings
Estatus retirado Estado de pérdida Estado de daño No para préstamo Biblioteca de origen Biblioteca actual Ubicación en estantería Fecha de adquisición Fuente de adquisición Total de préstamos Signatura topográfica completa Código de barras Visto por última vez Precio de reemplazo Tipo de ítem Koha
        Biblioteca del Ateneo de Madrid Biblioteca del Ateneo de Madrid Depósito 2 17/01/2008     L-4735 1069352 23/02/2023 23/02/2023 Libro impreso